000 00487cam a2200169ua 4500
041 _aeng
_h
082 _a028.74631
_bMOE/DE
100 _aMoens, A .
245 _aDevelopment of the agricultural machinery industry in developing countries /
_cA Moens.
_hTextual Documents
250 _a1 /
_b.
260 _a :
_bCentre for agricultural publishing and documentation ,
_c1984.
300 _a400 ; .
504 _a
700 1 _aSiepman, AHJ .
942 _cBK
999 _c6748
_d6748